=LDR 00000nam 2200000 4500 =001 INLIS000000000037001 =005 20130612142744 =008 ***********************************Ind** =035 ##$$a0010-061300000037001 =041 ##$$a Ind =082 ##$$a 813.085 =090 ##$$a 813.085, Lin n =100 ##$$a Lindsey, Johanna =245 ##$$a No choice but education, Johanna Linsey ; penerjemah, Endang Selistywati =260 ##$$a 2010 $b Jakarta =300 ##$$a xiii, 444 hlm, 20 cm =650 ##$$a Novel Terjemahan =850 ##$$a NBPNMAT =990 ##$$a 21195182/BPAP-NTB/2014